000 00408 a2200157 4500
999 _c12938
_d12938
003 OSt
005 20240724113400.0
008 240724b ||||| |||| 00| 0 eng d
020 _a9780471287087
082 _a701.85
100 _a Wucius Wong
245 _aPrinciples of Color Design: Designing with Electronic Color
260 _b John Wiley & Sons; 2nd edition
_c1996
300 _a210p;
942 _2ddc